Shock theatre Chicago style : WBKB-TV's late night horror showcase, 1957-1959 /

Bibliographic Details
Main Author: Glut, Donald F.
Corporate Author: ebrary, Inc
Format: eBook
Language:English
Published: Jefferson, N.C. : McFarland & Co., Publishers, 2012.
Subjects:
Online Access:Connect to the full text of this electronic book

MARC

Tag First Indicator Second Indicator Subfields
LEADER 00000cam a2200000Ia 4500
001 in00002781582
006 m d
007 cr cn|||||||||
008 120627s2012 ncua ob 001 0 eng d
005 20250816204310.5
010 |z  2012024867 
020 |z 9780786468058 (softcover : alk. paper) 
020 |z 9780786489718 (ebook) 
035 |a (CaPaEBR)ebr10589669 
040 |a CaPaEBR  |c CaPaEBR  |d UtOrBLW 
050 1 4 |a PN1992.77.S525  |b G58 2012eb 
082 0 4 |a 791.45/72  |2 23 
100 1 |a Glut, Donald F. 
245 1 0 |a Shock theatre Chicago style :  |b WBKB-TV's late night horror showcase, 1957-1959 /  |c Donald F. Glut ; foreword by Kerry Bennett ; afterword by Dick Dyszel, "Count Gore De Vol". 
264 1 |a Jefferson, N.C. :  |b McFarland & Co., Publishers,  |c 2012. 
300 |a 1 online resource (x, 194 pages) :  |b illustrations 
336 |a text  |b txt  |2 rdacontent 
337 |a computer  |b c  |2 rdamedia 
338 |a online resource  |b cr  |2 rdacarrier 
504 |a Includes bibliographical references and index. 
500 |a Electronic resource. 
600 1 0 |a Bennett, Terry,  |d 1930-1977. 
630 0 0 |a Shock theater (Television program : Chicago, IIl.) 
650 0 |a Television personalities  |z Illinois  |z Chicago  |v Biography. 
650 0 |a Television programs  |z Illinois  |z Chicago  |x History. 
655 7 |a Electronic books.  |2 local 
710 2 |a ebrary, Inc. 
856 4 0 |u https://ebookcentral.proquest.com/lib/tamucs/detail.action?docID=997532  |y Connect to the full text of this electronic book  |t 0 
980 |a 120905  |b 35  |c USD  |e 52.5  |f YBP_EBR0000041692  |g 1 
999 f f |s 457db421-7a52-307d-9d7b-de4a521f7a7b  |i 21e497bc-b051-3bbe-ad77-bff1c3e55503  |t 0 
999 |a MARS 
952 f f |a Texas A&M University  |b College Station  |c Electronic Resources  |d Available Online  |t 0  |e PN1992.77.S525 G58 2012eb  |h Library of Congress classification 
998 f f |a PN1992.77.S525 G58 2012eb  |t 0  |l Available Online